000 00600nam a2200205Ia 4500
003 GCL
008 140319s9999 xx 000 0 ara d
040 _aGCL /
_cGCL
082 0 4 _aد
_b050
_bد ه
100 1 _aدار الهلال
245 1 0 _aالهلال يناير 1995 : 100 سنة سينما /
_cدار الهلال
260 _a[S.N] :
_bدار الهلال للطباعة والنشر ،
_c1995
300 _a416 ص
490 _aالف كتاب وكتاب
_v0
650 0 4 _aالادب
650 0 4 _aدوريات
650 0 4 _aالفن
650 0 4 _aالهلال
942 _2ddc
_cCR
999 _c26956
_d26956